CHEMISTRY IN DAILY LIFE (Record no. 216638)

MARC details
000 -LEADER
fixed length control field 00414nam a22001697a 4500
008 - FIXED-LENGTH DATA ELEMENTS--GENERAL INFORMATION
fixed length control field 260225b |||||||| |||| 00| 0 eng d
020 ## - INTERNATIONAL STANDARD BOOK NUMBER
International Standard Book Number 978-81-203-4617-8
100 ## - MAIN ENTRY--PERSONAL NAME
Personal name SINGH, KIRPAL
245 ## - TITLE STATEMENT
Title CHEMISTRY IN DAILY LIFE
250 ## - EDITION STATEMENT
Edition statement 3RD ED
260 ## - PUBLICATION, DISTRIBUTION, ETC.
Place of publication, distribution, etc. DELHI
Name of publisher, distributor, etc. PHI LEARNING
Date of publication, distribution, etc. 2012
300 ## - PHYSICAL DESCRIPTION
Extent IX,174P.
500 ## - GENERAL NOTE
General note INCLUDES INDEX
650 ## - SUBJECT ADDED ENTRY
Topical term or geographic name entry element CHEMISTRY
942 ## - ADDED ENTRY ELEMENTS (KOHA)
Source of classification or shelving scheme Library of Congress Classification
Koha item type Long Loan Book
Holdings
Withdrawn status Lost status Source of classification or shelving scheme Damaged status Not for loan Collection Home library Current library Shelving location Date acquired Inventory number Total checkouts Full call number Barcode Date last seen Copy number Price effective from Koha item type Date last checked out
    Library of Congress Classification     Science & Technology Kisii University Library Kisii University Library On Display 02/25/2026 111415   QD 37 .S56 2012 A000771 02/25/2026 1 02/25/2026 Long Loan Book  
    Library of Congress Classification     Science & Technology Kisii University Library Kisii University Library On Display 02/25/2026 111416   QD 37 .S56 2012 A000772 02/25/2026 2 02/25/2026 Long Loan Book 02/25/2026
    Library of Congress Classification     Science & Technology Kisii University Library Kisii University Library On Display 02/25/2026 111417   QD 37 .S56 2012 A000774 02/25/2026 3 02/25/2026 Long Loan Book 02/25/2026
    Library of Congress Classification     Science & Technology Kisii University Library Kisii University Library On Display 02/25/2026 111418   QD 37 .S56 2012 A000773 02/25/2026 4 02/25/2026 Long Loan Book 02/25/2026